Valores sociales y deporte: la actividad física y el deporte como transmisores de valores sociales y personales
Uloženo v:
| Hlavní autor: | |
|---|---|
| Médium: | Kniha |
| Jazyk: | španělština |
| Vydáno: |
Madrid
Gymnos
1995
|
| Edice: | Colección Monografías Sobre Ciencias de la Actividad Física y Deportes
|
| Témata: | |
| Tagy: |
Přidat tag
Žádné tagy, Buďte první, kdo vytvoří štítek k tomuto záznamu!
|
MARC
| LEADER | 00000nam a2200000 a 4500 | ||
|---|---|---|---|
| 001 | UCO3919 | ||
| 003 | CL-VaPUC | ||
| 008 | 000728e19950000SP |||||||||||||||||spa|d | ||
| 082 | 0 | 4 | |a 796.01 |b GUT |2 21 |
| 100 | |a Gutiérrez Sanmartín, Melchor |e author |9 491450 | ||
| 245 | 1 | 0 | |a Valores sociales y deporte: la actividad física y el deporte como transmisores de valores sociales y personales |
| 300 | |a 267 p | ||
| 942 | |c BK | ||
| 945 | |d 20000728 00:00:00 |a rbrito | ||
| 260 | |a Madrid |b Gymnos |c 1995 | ||
| 650 | 0 | |a Educación física |9 240893 | |
| 650 | 0 | |a Deportes |9 224367 | |
| 650 | 0 | |a Aspectos filosóficos |9 265456 | |
| 650 | 0 | |a Valores sociales |9 309627 | |
| 650 | 7 | |a ETICA DEPORTIVA |2 CL-VaPUC |9 447964 | |
| 583 | |a last modification |c 20000728 00:00:00 |k Rodrigo Vera | ||
| 490 | 0 | |a Colección Monografías Sobre Ciencias de la Actividad Física y Deportes | |
| 999 | |c 290033 |d 290031 | ||
| 952 | |0 0 |1 0 |4 0 |6 796_010000000000000_GUT_1995 |7 0 |8 A |9 339158 |a BIBEDU |b BIBEDU |d 2019-11-20 |i 3633616 |o 796.01 GUT 1995 |p 3633616 |r 2019-11-20 |w 2019-11-20 |y BK |k EFI | ||